Logo BPK

Biblioteka

Politechniki Koszalińskiej

Mechanika teoretyczna / (Rekord nr 19784)

Szczegóły MARC
000 -ETYKIETA REKORDU
podpole kontrolne o stałej długości 00525nam a2200169 i 4500
001 - NUMER KONTROLNY REKORDU
pole kontrolne bg
040 ## - ŹRÓDŁO KATALOGOWANIA
Instytucja, która utworzyła rekord BPK
041 ## - KOD JĘZYKA
Kod języka tekstu pol
008 - POLE O STAŁEJ DŁUGOŚCI - DANE KONTROLNE
podpole kontrolne o stałej długości s pl f |000 0 pol
100 1# - NAZWA OSOBOWA
Nazwa osobowa RUBINOWICZ, Wojciech
245 #0 - TYTUŁ/ODPOWIEDZIALNOŚĆ
Tytuł Mechanika teoretyczna /
Pozostałe elementy strefy tytułu i oznaczenia odpowiedzialności Wojciech Rubinowicz, Wojciech Królikowski.
250 ## - STREFA WYDANIA
Oznaczenie wydania Wyd.5.popr. i uzupeł.
260 ## - STREFA ADRESU WYDAWNICZEGO
Miejsce wydania Warszawa,
Data publikacji, dystrybucji/powstania dokumentu 1980.
700 1# - HASŁO DODATKOWE - NAZWA OSOBOWA
Nazwa osobowa KRÓLIKOWSKI, Wojciech
856 ## - LOKALIZACJA I DOSTĘP DO ELEKTRONICZNYCH DOKUMENTÓW ZDALNYCH
Link (URL) http://koha.tu.koszalin.pl/cgi-bin/koha/opac-detail.pl?biblionumber=19784
Tekst linku Katalog online BPK
942 ## - DODATKOWE ELEMENTY (KOHA)
Typ dokumentu Książka
Egzemplarze
Wycofany Status egzemplarza Uszkodzony Dostępność Lokalizacja stała Lokalizacja bieżąca Miejsce przechowywania Sygnatura Kod kreskowy Typ dokumentu
      Dostępny Biblioteka Politechniki Koszalińskiej Biblioteka Politechniki Koszalińskiej Wypożyczalnia BG P 35633 01994650 Książka
      Dostępny Biblioteka Politechniki Koszalińskiej Biblioteka Politechniki Koszalińskiej Wypożyczalnia BG 27881 01391688 Książka
      Dostępny Biblioteka Politechniki Koszalińskiej Biblioteka Politechniki Koszalińskiej Wypożyczalnia BG 31427 01259476 Książka
      Dostępny Biblioteka Politechniki Koszalińskiej Biblioteka Politechniki Koszalińskiej Wypożyczalnia BG 33971 01111941 Książka
© 2023 Biblioteka Politechniki Koszalińskiej :: KOHA